1391 1108 1816 1329 1025 1734 1665 1591 1022 1857 1018 1965 1644 1709 1972 1252 1448 1981 1261 1417 1815 1309 1942 1604 1520 1163 1081 1691 1411 1117 1882 1746 1732 1593 1035 1279 1162 1330 1488 1069 1395 1547 1360 1200 1637 1154 1689 1847 1627 1413 1450 1512 1280 1716 1776 1778 1017 1646 1562 1148 1165 1716 1203 1274 1002 1492 1379 1065 1846 1429 1567 1793 1530 1961 1286 1290 1412 1306 1570 1445 1267 1025 1941 1305 1873 1409 1941 1022 1642 1563 1092 1380 1860 1120 1266 1002 1502 1178 1119 BCNSPRNW ULIB Ver.6.0+V

เปลี่ยนเป็นภาษาไทย

Change to English
 แสดงรายละเอียดบรรณานุกรม
  กลับหน้าหลัก

Brief Record : Get Marc (ISO 2709) : E-mail record : QR code < ปิดหน้าต่าง
LEADER : 00000nam 2200000uu 4500
001    13399120976
003     ULIB
008    121029s2547||||th 000 0 tha d
020    ^a9742130795
050  4 ^aHA29^bส842ส
100 0  ^aสุมาลี จันทร์ชลอ
245 10 ^aสถิติ /^cโดย สุมาลี จันทร์ชลอ
260    ^aกรุงเทพฯ :^bศูนย์ส่งเสริมกรุงเทพฯ,^c2547
300    ^a283 หน้า :^bภาพประกอบ ;^c27 ซม.
650  4 ^aสถิติ
945    ^p200^l0^i14225
995    ^aทศพร
999    ^aทศพร เกษรทอง
รายการนี้ยังไม่มีแท็ก
คุณยังไม่ได้ล็อกอิน คุณสามารถมีกิจกรรมร่วมกับเว็บไซต์ได้ แต่ต้องล็อกอินก่อน ::
  ล็อกอิน

รายการสื่อสารสนเทศ

ลำดับที่ ประเภท เลขเรียก/บาร์โค้ด สถานที่ สถานะ
1. วิทยาศาสตร์การแพทย์ และสุขภาพ
วิทยาศาสตร์การแพทย์ และสุขภาพ
HA29 ส842ส ฉ.1 
  Barcode: 14225
ห้องสมุดวิทยาเขตสวรรค์ประชารักษ์
►หนังสือทั่วไป
บนชั้น

รายการใกล้เคียง
    ผู้แต่ง [สุมาลี จันทร์ชลอ]

    หัวเรื่อง [สถิติ]

BibComment


ยังไม่เคยถูกคอมเมนท์

คอมเมนท์ทรัพยากรรายการนี้
  คอมเมนท์: สถิติ โดย สุมาล..


 Copyright 2026. Bcnsprnw @Library